000 00635nam a2200193Ia 4500
003 GCL
008 140319s9999 xx 000 0 ara d
040 _aGCL /
_cGCL
082 0 4 _a189.8
_bع م
100 1 _aعزت قرنى
245 1 0 _aمستقبل الفلسفة فى مصر حديث فى اسس الاستراتيجية المصرية وبناء الثقافة العربية الجديدة /
_cعزت قرنى
300 _a302 ص
490 _a
650 0 4 _aمصر
650 0 4 _aالفلسفة الاسلامية
650 0 4 _aالفلسفة العربية
650 0 4 _aالفلسفة الحديثة
942 _2ddc
_cBK
999 _c39347
_d39347